| 000 | 00678nam a22002297a 4500 | ||
|---|---|---|---|
| 003 | MX-MxUPN | ||
| 005 | 20240315063701.0 | ||
| 008 | 240314s2007 ve|a|||ar|||| 000 0 spa d | ||
| 020 | _a9799802573370 | ||
| 040 |
_aMX-MxUPN _bspa |
||
| 041 | 0 | _aspa | |
| 050 | 4 |
_aPZ74.9 _bE875 2007 |
|
| 100 | 1 |
_934205 _aEspinoza, Gerald, _d1974- |
|
| 245 | 1 | 3 | _aLa manzana se pasea |
| 250 | _aPrimera edición | ||
| 260 |
_aCaracas, Venezuela : _bEkaré, _c2007 |
||
| 300 |
_a[12] páginas : _bilustraciones a color |
||
| 650 | 4 |
_aCuentos infantiles venezolanos _910764 |
|
| 650 | 4 |
_927510 _aFrutas _vLiteratura infantil |
|
| 902 | _bVíctorGodínez/140324 | ||
| 942 |
_2lcc _cLIBRO |
||
| 999 |
_c211110 _d211110 |
||